000 00326nam a2200133Ia 4500
008 150201s2006 xx 000 0 und d
082 _a612.015
_bI06B
100 _aBAKER,SIMON
245 _aINSTANT NOTES MICROBIOLOGY
250 _a3RD
260 _bTAYLORA FRANCIS
_aDELHI
_c2006
650 _aMICROBIOLOGY
942 _2ddc
_cBK
_03
999 _c888
_d888